Pays qui pourraient exister bientôt - Statistiques

Statistiques générales
  • Ce quiz a été pris 40 fois
  • Le résultat moyen est 4 sur 16
Statistiques - réponses
Par images Réponse % Correct
Écosse
86%
Catalogne
60%
Kurdistan
57%
Texas
57%
Sahara Occidental
31%
Venise
31%
Abkhazie
23%
Transnistrie
17%
Pays Basque
11%
Somaliland
11%
Tibet
9%
Crimée
6%
Nouvelle Calédonie
6%
Bougainville
3%
Flandre
3%
Galice
3%
Aucun quiz correspondant
Distribution des résultats
% des personnes avec chaque résultat
Percentile par nombre de réponses
Votre historique - résultats
Vous n’avez pas pris ce quiz